|
|
|
|
| LEADER |
00838nam a2200217 a 4500 |
| 001 |
4058423 |
| 008 |
090711s1963 ctu b 000 0 eng d |
| 010 |
|
|
|a 63007953
|
| 040 |
|
|
|a DLC
|c DLC
|d DLC
|
| 082 |
0 |
0 |
|a 801.9
|2 16
|
| 100 |
1 |
|
|a Wellek, René.
|
| 245 |
1 |
0 |
|a Concepts of criticism;
|b [essays]
|c Edited and with an introd. by Stephen G. Nichols, Jr.
|
| 260 |
|
|
|a New Haven,
|b Yale University Press,
|c 1963.
|
| 300 |
|
|
|a 403 p.
|c 21 cm.
|
| 504 |
|
|
|a Includes bibliography.
|
| 541 |
1 |
|
|e 00009384
|
| 650 |
|
0 |
|a Criticism.
|
| 650 |
|
0 |
|a Literature
|x History and criticism.
|
| 852 |
4 |
|
|a Ayesha Abed Library
|j General Shelf.
|
| 999 |
|
|
|c 2257
|d 2257
|
| 952 |
|
|
|0 0
|1 0
|2 ddc
|4 1
|6 801_900000000000000_WEL_1969
|7 0
|9 2081
|a BRACUL
|b BRACUL
|c SPS
|d 2009-07-12
|g 0.00
|l 0
|o 801.9 WEL
|p 3010009384
|r 2009-07-12
|t 1
|w 2009-07-12
|y BK
|x No price found in the accession register.
|